000 00658nam a2200241Ia 4500
003 OSt
005 20221005043222.0
006 a|||||r|||| 00| 0
007 ta
008 221004b |||||||| |||| 00| 0 eng d
024 _a77071
037 _cTextual
040 _aCRL
_cCRL
_beng
041 _2eng
_aeng
082 _aV591,1y781, G7
100 _aArmstrong H. C.
_9591333
245 0 _aGrey wolf Mustafa Kemal
_b An intimate study of a dictator
260 _aEngland
_bPenguin Books
_c1937
300 _a254p.
_ccm.
650 _aHISTORY
942 _hV591,1y781, G7
_cTEXL
_2cc
999 _c951530
_d951530